Beyond postprocess and postmodernism: essays on the spaciousness of rhetoric
Saved in:
| Main Authors: | , , |
|---|---|
| Format: | Bog |
| Sprog: | engelsk |
| Udgivet: |
Mahwah
Lawrence Erlbaum Associates
2002
|
| Fag: | |
| Tags: |
Tilføj Tag
Ingen Tags, Vær først til at tagge denne postø!
|
MARC
| LEADER | 00000nam a2200000 a 4500 | ||
|---|---|---|---|
| 001 | UCK4970 | ||
| 003 | CL-VaPUC | ||
| 008 | 050708e20020000us |||||||||||||||||eng|d | ||
| 020 | |a 0805844074 | ||
| 082 | 0 | 4 | |a 808.04207 |b ENO |2 21 |
| 100 | 0 | |a Enos, Theresa |e author |9 493625 | |
| 700 | 0 | |a Miller, Keith D |e author |9 493626 | |
| 700 | 0 | |a McCracken, Jill |e author |9 493627 | |
| 245 | 1 | 0 | |a Beyond postprocess and postmodernism: essays on the spaciousness of rhetoric |
| 300 | |a 278 p | ||
| 942 | |c BK | ||
| 945 | |d 20050708 00:00:00 |a cmena | ||
| 260 | |a Mahwah |b Lawrence Erlbaum Associates |c 2002 | ||
| 650 | 0 | |a Lengua inglesa |9 318842 | |
| 650 | 0 | |a Retórica |9 266620 | |
| 650 | 0 | |a Redacción de textos |9 446760 | |
| 650 | 0 | |a Estudio y enseñanza |9 270395 | |
| 583 | |a last modification |c 20171120 05:15:31 |k Rodrigo Vera | ||
| 999 | |c 313670 |d 313668 | ||
| 952 | |0 0 |1 0 |4 0 |6 808_042070000000000_ENO_2002 |7 0 |8 A |9 385153 |a FDOPOS |b FDOPOS |d 2019-11-22 |i 4143426 |o 808.04207 ENO 2002 |p 4143426 |r 2025-01-22 |w 2019-11-22 |y BK |k MLA | ||